| 000 | 00445nam a2200169 a 4500 | ||
|---|---|---|---|
| 001 | 44 | ||
| 003 | CDMR | ||
| 005 | 20151019135402.0 | ||
| 008 | 130130s1975||||||||||||||||||||||||||||d | ||
| 020 | _a8485205014 | ||
| 040 |
_aCDMR _bcat _cCDMR |
||
| 100 | 1 |
_aBaget i Herms, Josep Maria _948 |
|
| 245 | 1 | 0 |
_a18 años de TVE _cJosep Ma Baget Herms |
| 260 |
_aBarcelona _c1975 _bDiáfora |
||
| 610 | 2 |
_92814 _aTelevisión Española _xHistòria |
|
| 942 |
_cMON _2ddc |
||
| 999 |
_c44 _d44 |
||